| 000 | 00545nam a2200193 a 4500 | ||
|---|---|---|---|
| 003 | OSt | ||
| 005 | 20140310183627.0 | ||
| 008 | 070205s19uu xx 00 eng d | ||
| 020 | _a0316858315 | ||
| 050 |
_aG 4645 _b.Il29 2002 |
||
| 100 | _aMorris, Mary, | ||
| 245 |
_aThe illustrated Virago book of Women Travellers / _cedited by Mary Morris and Larry O'Connor |
||
| 260 |
_aLondon : _bVirago, _c2002. |
||
| 300 |
_a246 p. : _bcol. ill. ; _c27 cm. |
||
| 521 | _aTOU | ||
| 650 | _aWomen travelers. | ||
| 942 |
_cBK _2lcc _kFOR |
||
| 999 |
_c25544 _d25544 |
||